01467nam a2200301 i 4500003000900000005001700009006001900026007000300045008004100048040003000089082001400119100004900133245013400182246006700316264003500383300002800418336002700446337003300473338002800506500028200534500006700816504004000883590002700923600005200950942001401002952013201016999001701148DO-SdBNP20240226144121.0a||||gr|||| 00| 0 ta230822e2008 dr ||||| |||| 00| e spa d aDO-SdBNPbspacBNPHUerda 4222bP422v1 aVallejo de Paredes, Margarita923195eautora10aVida y obras de Ercilia Pepín y Ercilia Pepín y su incidencia en la educación dominicana. /cMargarita Vallejo de Paredes.13aErcilia Pepín y su incidencia en la educación dominicana.  aSanto Domingo :bTaller,c2008 a154 páginas ;c16 cm. 2rdacontentatextobtxt 2rdamediaasin mediaciónbn 2rdacarrieravolumenbnc aEste trabajo obtuvo una mención honorífica en el Concurso nacional sobre la Vida y Obra de Ercilia Pepín convocado por la Comisión Permanente de la Feria Nacional del Libro para el año 1993, fecha en que se dedicó dicha Feria a esta insigne educadora de Santiago.-- aIncluye datos biográficos de la autora en la contracubierta. aBibliografía: páginas 147 - 152 aInventariado 2023 / MF10aPepín, Ercilia,d1886-1939xBiografía96456 2ddccLBS1 00102ddc51708PDaBNPHUbBNPHUcCTd2014-12-22eDonado por Barbara Suncarl0oP422vp2023-5471r2023-08-22w2023-08-22yLBS1 c54502d54502